| 000 | 00652nam a22001817a 4500 | ||
|---|---|---|---|
| 005 | 20210617103528.0 | ||
| 008 | 210324b ag ||||| |||| 00| 0 spa d | ||
| 020 | _a9506702941 | ||
| 050 | 0 | 4 |
_aKHA5875 _bM37 2001 |
| 100 | 1 | _aGarcía Maañón, Ernesto A. A. | |
| 245 | 1 | 0 |
_aJuicio oral, sentencia arbitraria y recurso de casación _b: en la provincia de Buenos Aires _c/ Ernesto A. A. García Maañón. |
| 250 | _a1a ed. | ||
| 260 |
_aBuenos Aires, Argentina : _bUniversidad, _c2001 |
||
| 300 |
_a173 p. ; _c23 cm. |
||
| 504 | _aIncluye bibliografía : p. 171-173 | ||
| 650 | 7 |
_2lemb _aProcedimiento penal _zArgentina, Buenos Aires |
|
| 942 |
_2lcc _cLIB |
||
| 999 |
_c155393 _d155391 |
||